000 01314cam a22004574i 4500
003 PE-LiUPU
005 20250731184512.0
008 150617s r 000 0 d
020 _a8425315921
035 _a(Sirsi) i9788425315923
040 _aPE-LiUPU
_bspa
_cPE-LiUPU
_erda
049 _aPRUA
082 0 4 _a923.145
_221
_bF359m
100 1 _aFermi, Laura,
_eautor.
245 1 0 _aMussolini /
_cLaura Fermi.
264 1 _aBarcelona :
_bEdiciones Grijalbo,
_c1984.
300 _a522 páginas ;
_c21 cm.
336 _atext
_2rdacontent
337 _aunmediated
_2rdamedia
338 _avolume
_2rdacarrier
490 0 _aGrandes Biografías de la Historia
505 0 _aEl socialista -- Pausa y ascenso -- En el poder -- Una amistad perdurable.
526 _aP136
526 _aP135
526 _aP134
526 _aP133
526 _aP144
526 _aP143
526 _aP87
526 _aP35
526 _aP20
526 _aP14
526 _aP10
526 _aP06
600 1 _aMussolini, Benito
_d1883-1945
910 _ajck
942 _2ddc
_cBOOK
949 _a920.0945 F38
_wDEWEY
_c1
_i24452
_lCCODEBUL1
_mBUL
_r0
_sY
_tBOOK
_u2015-6-17
_xEDUCACION
_zUNKNOWN
_0COMPRA
_o.STAFF. Colección General
980 _81
_gALBERTO SANCHEZ Responsable de Automatización
999 _c13880
_d13880